| 000 | 01070cam a22002895a 4500 | ||
|---|---|---|---|
| 001 | E146026 | ||
| 008 | 080712s2008 xxkd f s 000 0 eng u | ||
| 020 | _a9781904829843 | ||
| 035 | _a(Sirsi) u146026 | ||
| 041 | 0 | _aeng | |
| 050 | 0 | 4 | _a331.2166 $2 18 |
| 110 | 2 |
_aBuilding Cost Information Service _91096 |
|
| 245 | 0 | 0 | _aReview of consultants' fees on construction projects |
| 260 |
_aLondon _bBCIS _c2008 |
||
| 300 |
_aii, 44p. _c30cm. |
||
| 350 | _a19.50 | ||
| 505 | 2 | _aExecutive summary -- Summary table -- Introduction -- All projects -- Years 1998 to 2007 -- Construction sector -- Procurement route -- Contractor selection -- Client type -- Building function -- Value -- Location -- Appendix 1: Definitions | |
| 520 | _aA survey of total fees paid by clients to consultants on over 1,500 construction projects. | ||
| 521 | _aAdvanced | ||
| 590 | _aKA | ||
| 650 | _aPROFESSIONAL FEES | ||
| 650 | _aCONSULTANTS FEES | ||
| 650 | _aCONSTRUCTION INDUSTRY | ||
| 651 | 4 |
_aUnited Kingdom _y |
|
| 690 | _aBUILT ENVIRONMENT-BUILDING COSTS | ||
| 942 | _n0 | ||
| 999 |
_c109016 _d109016 |
||